Unikátne kultúrne dedičstvo ako súčasť miestneho bohatstva polostrova Athos v kontexte relígií a svetového turizmu (miesto, kam nikdy žena nevkročila...)

Vymedzenie územia a hospodárska charakteristika. História religiózneho centra Athos. Vstup na Athos - podmienky a návštevný poriadok. Denný počet návštevníkov tejto mníšskej republiky striktne obmedzený. Ženám vstup zakázaný. Kláštory na Athose a ich hierarchické usporiadanie. Polostrov Athos zaujím...

Full description

Saved in:
Bibliographic Details
Main Author: Caban, Peter
Format: Book Chapter
Language:Slovak
Subjects:
Tags: Add Tag
No Tags, Be the first to tag this record!

MARC

LEADER 00000nla a2200000 4500
001 0228247
005 20240417075112.2
041 0 |a slo 
044 |a CZ 
245 1 0 |a Unikátne kultúrne dedičstvo ako súčasť miestneho bohatstva polostrova Athos v kontexte relígií a svetového turizmu (miesto, kam nikdy žena nevkročila...)  |c Peter Caban 
520 |a Vymedzenie územia a hospodárska charakteristika. História religiózneho centra Athos. Vstup na Athos - podmienky a návštevný poriadok. Denný počet návštevníkov tejto mníšskej republiky striktne obmedzený. Ženám vstup zakázaný. Kláštory na Athose a ich hierarchické usporiadanie. Polostrov Athos zaujímavý ako svetový producent kadidla. 
610 2 0 |a dedičstvo kultúrne 
610 2 0 |a pamiatky 
610 2 0 |a umenie 
610 2 0 |a história 
610 2 0 |a náboženstvo 
610 2 0 |a príroda 
610 2 0 |a autonómia 
610 2 0 |a republika 
610 2 0 |a ruch cestovný 
610 2 0 |a Grécko 
100 1 |a Caban, Peter